00913nam a2200241 4500001000700000003000900007005001700016007000300033008004100036100002900077245016600106250001300272260003300285300004100318700002500359700002600384700003500410700002500445700002800470852003200498999001900530952012200549119367ES-MaACL20230906191312.0t|070214s1969 sp r ||||1| spa d1 aPhillips-Birt, D.99170610aManual de yates / cD. Phillips-Birt ; ilustrado por Colin Mudic, revisado por A. D. G. Gunn, G. Sambrooke Sturgess, Alan Walts ; traducción de Federico Piera. a1ª. ed. aBarcelona : bBlume, c1969. a383 p., 21 lám. : bil. ; c21 cm.1 aMudic, Colin.9840251 aGunn, A. D. G.9609551 aSambrooke Sturgess, G.91021711 aWalts, Alan.91160261 aPiera, Federico.991923 aES-MaACLjC-36608 bR.70365 c119367d119367 00104070aATENEOMbATENEOMcDEPO2d2008-01-17eSCl0oC-36608p1124430r2023-02-23 00:00:00w2023-02-23yMONOGRAFIA